Memoria de enseñanza primaria y normal correspondiente al periodo comprendido entre el 1º de abril de 1933 y el 30 de abril de 1934 / (Record no. 142115)

MARC details
000 -LEADER
campo de control de longitud fija 00737nam a2200193 i 4500
001 - NÚMERO DE CONTROL
campo de control 142115
003 - IDENTIFICADOR DE NÚMERO DE CONTROL
campo de control ES-MaACL
005 - FECHA Y HORA DE LA ÚLTIMA TRANSACCIÓN
campo de control 20230906200440.0
007 - CAMPO FIJO DE DESCRIPCIÓN FÍSICA--INFORMACIÓN GENERAL
campo de control de longitud fija t|
008 - DATOS DE LONGITUD FIJA--INFORMACIÓN GENERAL
campo de control de longitud fija 071003s1934 uy ||||0| spa d
016 7# - NÚMERO DE CONTROL DE UNA AGENCIA BIBLIOGRÁFICA NACIONAL
Número de control cancelado/no válido IND2000946498
040 ## - FUENTE DE CATALOGACIÓN
Centro catalogador/agencia de origen M-BN
Lengua de catalogación spa
Centro/agencia transcriptor CDM
100 1# - ENTRADA PRINCIPAL--NOMBRE DE PERSONA
Nombre de persona Williman, José Claudio.
9 (RLIN) 116978
245 10 - MENCIÓN DEL TÍTULO
Título Memoria de enseñanza primaria y normal correspondiente al periodo comprendido entre el 1º de abril de 1933 y el 30 de abril de 1934 /
Mención de responsabilidad, etc. presentada al Consejo Nacional de Enseñanza Primaria y Normal por su Presidente José Claudio Williman.
260 ## - PUBLICACIÓN, DISTRIBUCIÓN, ETC.
Lugar de publicación, distribución, etc. Montevideo :
Nombre del editor, distribuidor, etc. [s.n.],
Fecha de publicación, distribución, etc. 1934.
300 ## - DESCRIPCIÓN FÍSICA
Extensión 180 p. ;
Dimensiones 27 cm.
650 #4 - PUNTO DE ACCESO ADICIONAL DE MATERIA--TÉRMINO DE MATERIA
Término de materia o nombre geográfico como elemento de entrada Enseñanza primaria-
Subdivisión geográfica Uruguay.
9 (RLIN) 160301
852 ## - LOCALIZACIÓN
Ubicación ES-MaACL
Número de control de estantería 1767-F-10
Holdings
Estatus retirado Estado de pérdida Estado de daño No para préstamo Colección Biblioteca de origen Biblioteca actual Ubicación en estantería Fecha de adquisición Fuente de adquisición Total de préstamos Signatura topográfica completa Código de barras Visto por última vez Precio de reemplazo Tipo de ítem Koha
        Colección de folletos Biblioteca del Ateneo de Madrid Biblioteca del Ateneo de Madrid Depósito folletos 17/01/2008     1767-F-10 1147870 23/02/2023 23/02/2023 Folleto